Drapeau avec la croix scandinave - Statistiques

Statistiques générales
  • Ce quiz a été pris 86 fois
  • Le résultat moyen est 6 sur 10
Statistiques - réponses
Par images Réponse % Correct
Finlande
100%
Norvège
100%
Suède
100%
Danemark
99%
Islande
96%
Îles Féroé
65%
Åland
35%
Shetland
7%
Orcades
4%
Scanie
1%
Aucun quiz correspondant
Distribution des résultats
% des personnes avec chaque résultat
Percentile par nombre de réponses
Votre historique - résultats
Vous n’avez pas pris ce quiz